Statistics for Translate these Countries from Russian into English

Click here to take the quiz!

General Stats

  • This quiz has been taken 1,545 times
  • The average score is 14 of 20

Answer Stats

русский RusskiEnglish% Correct
Польша PolshaPoland
94%
Дания DaniyaDenmark
87%
Греция GretsiyaGreece
86%
Турция TurtsiyaTurkey
86%
Алжир AlzhirAlgeria
82%
Япония YaponiyaJapan
81%
Литва LitvaLithuania
81%
Тайвань TayvanTaiwan
77%
Египет YegipetEgypt
71%
Швеция ShvetsiyaSweden
68%
Кот-д’Ивуар
Kot Divooar
Côte d'Ivoire
66%
Швейцария ShveytsariyaSwitzerland
66%
Соединенные Штаты
Soyedinenniye Shtaty
United States
65%
Китай KitayChina
62%
Кипр KiprCyprus
61%
Грузия GruziyaGeorgia
54%
Венгрия VengriyaHungary
50%
Oбъединенное Королевство
Obyedinennoye Korolevstvo
United Kingdom
49%
Черногория ChernogoriyaMontenegro
46%
Коморские острова
Komorskiye Ostrova
Comoros
37%

Score Distribution

Percentile by Number Answered

Percent of People with Each Score

Your Score History

You have not taken this quiz